| 000 | 00446nam a22001697a 4500 | ||
|---|---|---|---|
| 003 | CEME | ||
| 005 | 20210628203539.0 | ||
| 008 | 210119b xxu||||| |||| 00| 0 eng d | ||
| 040 | _c. | ||
| 082 | _a297.63 MEH | ||
| 100 |
_aMehmood Ahmed Zafar _965432 |
||
| 245 | _aPagamber-e- islam aur tajarat | ||
| 260 |
_aLAHORE _bISLAMIC PUBLICATIONS _c2008 |
||
| 300 | _a327P | ||
| 650 |
_aISLAM-PAGAMBER-E- ISLAM AUR TAJARAT. _966168 |
||
| 942 |
_cBK _2ddc |
||
| 999 |
_c574177 _d574177 |
||